00923cam a22002535a 45000010009000000050017000090080041000260200018000670400028000850820021001132450121001342600031002553000032002865000024003185040040003426500035003826510010004176530019004277000034004467000027004809420008005079990017005159520137005321885753720160510122857.0151116t2016 gw a frb 001 0 eng d a9783319243597 aDLCbengcDLCdEG-ScBUE04222a617.643bEST00aEsthetic and functional management of diastema :ba multidisciplinary approach /ceditors Ugur Erdemir, Esra Yildiz. aCham :bSpringer,cc.2016. ax, 228 p. :bill. ;c24 cm. aIndex : p. 223-228. aIncludes bibliographical reference. 72BUEshaDiastema (Teeth)939949 2BUEsh bDDentcMay20161 aErdemir, Ugureeditor.9399481 aYildiz, Esra eeditor. 2ddc c21721d21693 00102ddc40708AlahramaMAINbMAINc1STd2016-05-10ePurchaseg999.00l0o617.643 ESTp000032458r2025-07-15 00:00:00v1248.75yBB